Statistiques concernant Orthographe - Le pluriel des noms composés

Cliquez ici pour prendre le quiz!

Statistiques générales

  • Ce quiz a été pris 133 fois
  • Le résultat moyen est 35 sur 38

Statistiques - réponses

Nom composéPluriel% Correct
aide-comptableaides-comptables
98%
anglo-saxonanglo-saxons
98%
après-midiaprès-midis
98%
arc-en-cielarcs-en-ciel
98%
arrière-gardearrière-garde
98%
belle-soeurbelles-soeurs
98%
avant-posteavant-postes
97%
cache-nezcache-nez
97%
cerf-volantcerfs-volants
96%
chef-d'oeuvrechefs-d'oeuvre
96%
chou-fleurchoux-fleurs
95%
chien-loupchiens-loups
94%
coffre-fortcoffres-forts
94%
couvre-litcouvre-lits
94%
couvre-piedcouvre-pieds
94%
demi-heuredemi-heures
94%
eau-de-vieeaux-de-vie
94%
gagne-paingagne-pain
93%
garde à vuegardes à vue
92%
garde-mangergarde-manger
91%
grand-parentgrands-parents
91%
gratte-cielgratte-ciel
91%
passe-partoutpasse-partout
89%
oiseau-moucheoiseaux-mouches
88%
pince-sans-rirepince-sans-rire
88%
porte-clefporte-clefs
88%
porte-bonheurporte-bonheur
87%
porte-monnaieporte-monnaie
87%
pot-au-feupot-au-feu
87%
rez-de-chausséerez-de-chaussée
86%
rond-pointronds-points
86%
rouge-gorgerouges-gorges
84%
savoir-fairesavoir-faire
84%
sous-solsous-sols
84%
tire-bouchontire-bouchons
82%
trait-d'uniontraits-d'union
82%
timbre-postetimbres-poste
81%
va-et-vientva-et-vient
81%

Distribution des résultats

Percentile par nombre de réponses

% des personnes avec chaque résultat

Votre développement - résultats

Vous n’avez pas pris ce quiz